000 01067nas a2200361 4500
001 BR2016001812
003 BR-BrBNA
005 20231205130348.0
007 ta
008 230509b bl.|||p| |||| 00| 00por d
040 _aBR-BrBNA
_bpor
_cBiblioteca Nacional de Agricultura
041 _a(Pt)
072 _aL51; L02
100 1 _aConti, R.M.C.
100 1 _aZanetti, M.A.
100 1 _aSaran Netto, A.
100 1 _aRodrigues, P.H.M.
100 1 _aPacheco, J.C.G.
100 1 _aGarrine, C.M.L.P.
100 1 _aYoshikawa, C.Y.C.
245 1 _aEfeitos de fontes orgânicas de cobre e enxofre sobre os parâmetros bioquímicos no soro de ovinos
650 _aCOBRE
650 _aMICROELEMENTO
650 _aENXOFRE
650 _aBIOQUIMICA ANIMAL
650 _aNUTRICAO ANIMAL
650 _aGLICOSE
650 _aALBUMINA
650 _aCOLESTEROL
773 0 _tPesquisa Veterinária Brasileira (Brazil)
_xISSN 0100-736X
_g(Nov 2015), v. 35(11) p. 875-881
_wBR2016001812
909 _a202311
_bLúcia
_c55
_dLúcia Elande
942 _2AGRIS
_n0
_cANA
999 _c249049
_d249049